00205nam a2200085Ia 4500008004100000100001500041245002600056260001700082650002000099190216s9999||||xx |||||||||||||| ||und|| aGangadaran 0aAnnieshanam Aswadanam bNbs Kottayam aEssay Malayalam